000 01236nam0a22003011 4500
001 rc\3286884
005 20130115145116.2
021 _aRU
_b74-ОЭ-164/24
021 _aRU
_bРг10470-74
035 _a(NLR Aleph) 007401083
090 _a6713177
_c6713177
100 _a20130115d1974 |||y0rusy50 ca
101 0 _arus
102 _aRU
105 _ay j |||||
200 1 _aУчебное пособие по дифференциальной диагностике туберкулеза легких
_fМЗ УССР. Запорож. гос. мед. ин-т. Курс туберкулеза
210 _aЗапорожье
_cБ. и.
_d1974
215 _a26 с.
_d20
300 _aНа обороте тит. л.: подгот. доц. А.К. Герман, канд. мед. наук Б.П. Ли, В.П. Бондаренко [и др.]
702 1 _aТян-Ли
_bБ. П.
_cпсевдоним
_3RU\NLR\AUTH\77110162
_4570
702 1 _aБондаренко
_bВ. П.
_4570
702 1 _aГерман
_bА. К.
_4570
712 0 2 _aЗапорожский медицинский институт
_3RU\NLR\AUTH\8812330
801 0 _aRU
_bNLR
_gpsbo
801 1 _aRU
_bELAR
_2rusmarc
852 _aNLR
_j74-4/18891
942 _cBOOK
980 _aNB